| 000 -LEADER | |
|---|---|
| fixed length control field | 00393nam a22001697a 4500 |
| 005 - DATE AND TIME OF LATEST TRANSACTION | |
| control field | 20180327125359.0 |
| 008 - FIXED-LENGTH DATA ELEMENTS--GENERAL INFORMATION | |
| fixed length control field | 160625b xxu||||| |||| 00| 0 eng d |
| 020 ## - INTERNATIONAL STANDARD BOOK NUMBER | |
| ISBN | 81-7660-069-5 |
| 041 ## - LANGUAGE CODE | |
| Language code of text/sound track or separate title | eng |
| 082 ## - DEWEY DECIMAL CLASSIFICATION NUMBER | |
| Item number | 10070 |
| Classification number | 338.0954 |
| 100 ## - MAIN ENTRY--AUTHOR NAME | |
| Personal name | Chopra, Dr BS KS |
| 245 ## - TITLE STATEMENT | |
| Title | Business Environment in India |
| 260 ## - PUBLICATION, DISTRIBUTION, ETC. (IMPRINT) | |
| Name of publisher | EPH |
| 300 ## - PHYSICAL DESCRIPTION | |
| Number of Pages | 239 |
| 650 ## - SUBJECT ADDED ENTRY--TOPICAL TERM | |
| Topical Term | Management |
| 942 ## - ADDED ENTRY ELEMENTS (KOHA) | |
| Koha item type | Books |
| Lost status | Damaged status | Collection code | Home library | Current library | Shelving location | Date acquired | Cost, normal purchase price | Full call number | Accession Number | Koha item type |
|---|---|---|---|---|---|---|---|---|---|---|
| MANAGEMENT | JRU Library | JRU Library | SHELF-61-E | 25/06/2016 | 280.00 | 338.0954 | 10070 | Books | ||
| MANAGEMENT | JRU Library | JRU Library | SHELF-61-E | 25/06/2016 | 280.00 | 338.0954 | 10071 | Books | ||
| MANAGEMENT | JRU Library | SHELF-61-E | 25/06/2016 | 280.00 | 338.0954 | 10072 | Books |